| 000 | 00571nam a2200241 a 4500 | ||
|---|---|---|---|
| 001 | nice12345678 | ||
| 003 | IN_TiNIC | ||
| 005 | 20260116011322.0 | ||
| 008 | 050524s1956 oxfa grp 000 0 eng | ||
| 020 |
_a _c100 |
||
| 082 | 0 | 0 |
_a297.63 _bWAT |
| 100 | _aWatt, Montgomery | ||
| 245 | _aMuhammad at Medina | ||
| 260 |
_aOxford _bClarendon Press _c1956 |
||
| 300 | _a418p | ||
| 500 | _aincludes index and biblioraphy | ||
| 505 | 2 | _aIllus. Index | |
| 650 | _aMuhammad, Prophet | ||
| 700 | 1 | _aWatt, Montgomery | |
| 902 | _bSRS | ||
| 942 | _cBK | ||
| 999 |
_c464 _d464 |
||